Medizinische Deutungsmacht im sozialen Wandel des 19. und frühen 20. Jahrhunderts
Die Publikation untersucht die Beeinflussung der Gesellschaft durch den sozialen Faktor Medizin seit dem 19. Jahrhundert. Folgende Themen bilden die Schwerpunkte: Gesundheit und Medizin in der sich entwickelnden Industriegesellschaft, Ärzte und ihre gesellschaftliche Stellung, ihr Dominanzstreben un...
| Contributors: | ; |
|---|---|
| Format: | Print Book |
| Language: | German |
| Published: |
Bonn
Psychiatrie-Verl.
1989
|
| In: | Year: 1989 |
| Edition: | Orig.-Ausg. |
| Online Access: |
Table of Contents Table of Contents |
| Availability in Tübingen: | Present in Tübingen. IFK: K IV 39 UB: 30 A 1921 |
| Check availability: | HBZ Gateway |
| Subito Delivery Service: | Order now. |
| Volumes / Articles: | Show volumes/articles. |
| Keywords: |
MARC
| LEADER | 00000cam a2200000 c 4500 | ||
|---|---|---|---|
| 001 | 025641492 | ||
| 003 | DE-627 | ||
| 005 | 20260206201937.0 | ||
| 007 | tu | ||
| 008 | 891006s1989 gw ||||| 00| ||ger c | ||
| 015 | |a 88,N45,0204 |2 dnb | ||
| 015 | |a 89,A50,0733 |2 dnb | ||
| 016 | 7 | |a 880793236 |2 DE-101 | |
| 020 | |a 3884141031 | ||
| 035 | |a (DE-627)025641492 | ||
| 035 | |a (DE-603)008698635 | ||
| 035 | |a (DE-576)016674472 | ||
| 035 | |a (DE-599)GBV025641492 | ||
| 035 | |a (OCoLC)20959940 | ||
| 035 | |a (OCoLC)246640936 | ||
| 040 | |a DE-627 |b ger |c DE-627 |e rakwb | ||
| 041 | |a ger | ||
| 044 | |c XA-DE | ||
| 060 | 0 | |a WZ 70 | |
| 084 | |a 33 |2 sdnb | ||
| 084 | |a 33 |a 64 |a 14 |2 sdnb | ||
| 084 | |a LC 56000 |2 rvk |0 (DE-625)rvk/90662:772 | ||
| 084 | |a MS 6000 |2 rvk |0 (DE-625)rvk/123738: | ||
| 084 | |a XB 3327 |2 rvk |0 (DE-625)rvk/152453:13156 | ||
| 084 | |a CV 8000 |2 rvk |0 (DE-625)rvk/19169: | ||
| 084 | |a 44.01 |2 bkl | ||
| 084 | |a 44.06 |2 bkl | ||
| 245 | 0 | 0 | |a Medizinische Deutungsmacht im sozialen Wandel des 19. und frühen 20. Jahrhunderts |c Alfons Labisch und Reinhard Spree (Hrsg.) |
| 246 | 1 | |i Ansetzungssachtitel |a Medizinische Deutungsmacht im sozialen Wandel des neunzehnten und frühen zwanzigsten Jahrhunderts | |
| 250 | |a Orig.-Ausg. | ||
| 264 | 1 | |a Bonn |b Psychiatrie-Verl. |c 1989 | |
| 300 | |a 239 S. |b graph. Darst. |c 21 cm | ||
| 336 | |a Text |b txt |2 rdacontent | ||
| 337 | |a ohne Hilfsmittel zu benutzen |b n |2 rdamedia | ||
| 338 | |a Band |b nc |2 rdacarrier | ||
| 500 | |a Literaturangaben | ||
| 520 | |a Die Publikation untersucht die Beeinflussung der Gesellschaft durch den sozialen Faktor Medizin seit dem 19. Jahrhundert. Folgende Themen bilden die Schwerpunkte: Gesundheit und Medizin in der sich entwickelnden Industriegesellschaft, Ärzte und ihre gesellschaftliche Stellung, ihr Dominanzstreben und ihre Ethik, das Arzt-Patient-Verhältnis im sozialen Wandel, Medizin und Kurpfuscherei sowie Gesundheit und Krankheit im ländlichen Raum. | ||
| 583 | 1 | |a Archivierung/Langzeitarchivierung gewährleistet |c 2021 |f SLG |x XA-DE-BW |2 pdager |5 DE-289 | |
| 583 | 1 | |a Archivierung/Langzeitarchivierung gewährleistet |c 20250619 |f FID |f DE-2298 |x XA-DE-NI |z FID Pharmazie |2 pdager |5 DE-84 | |
| 648 | 7 | |a Geschichte 1800-1914 |2 gnd | |
| 650 | 0 | |a Medicine |x History |x Germany | |
| 650 | 0 | |a Social Medicine | |
| 650 | 2 | |a History of Medicine, 19th Cent. |x Germany | |
| 650 | 2 | |a History of Medicine, 20th Cent. |x Germany | |
| 650 | 2 | |a Medicine |x trends |x Germany | |
| 650 | 2 | |a Social Medicine |x history |x Germany | |
| 650 | 2 | |a Social Change |x history |x Germany | |
| 689 | 0 | 0 | |d s |0 (DE-588)4038289-8 |0 (DE-627)106233009 |0 (DE-576)209029366 |a Medizinsoziologie |2 gnd |
| 689 | 0 | 1 | |a z |2 gnd |a Geschichte 1800-1914 |
| 689 | 0 | |5 DE-101 | |
| 689 | 1 | 0 | |d s |0 (DE-588)4038289-8 |0 (DE-627)106233009 |0 (DE-576)209029366 |a Medizinsoziologie |2 gnd |
| 689 | 1 | 1 | |a z |2 gnd |a Geschichte 1800-1914 |
| 689 | 1 | |5 (DE-627) | |
| 700 | 1 | |a Labisch, Alfons |d 1946- |e Hrsg. |0 (DE-588)123404746 |0 (DE-627)08253649X |0 (DE-576)161881718 |4 edt | |
| 700 | 1 | |a Spree, Reinhard |d 1941- |0 (DE-588)108774163 |0 (DE-627)521425395 |0 (DE-576)163148538 |4 oth | |
| 856 | 4 | 2 | |u http://www.gbv.de/dms/bs/toc/025641492.pdf |m V:DE-601 |m B:DE-84 |q pdf/application |x Verlag |y Inhaltsverzeichnis |3 Inhaltsverzeichnis |7 1 |
| 856 | 4 | 2 | |u http://scans.hebis.de/HEBCGI/show.pl?00869863_toc.pdf |m V:DE-605;X:Imageware |q application/pdf |3 Inhaltsverzeichnis |7 1 |
| 889 | |w (DE-627)89723295X | ||
| 935 | |i Blocktest | ||
| 935 | |h HEB |i 0501 | ||
| 935 | |h HEB |i 0503 | ||
| 936 | r | v | |a LC 56000 |b Darstellung ohne geografischen Bezug |k Sozial- und Kulturanthropologie. Empirische Kulturwissenschaft |k Kunst und Wissen |k Wissen und Wahrnehmung |k Krankheit und Medizin, Gesundheit |k Darstellung ohne geografischen Bezug |0 (DE-627)1271157810 |0 (DE-625)rvk/90662:772 |0 (DE-576)201157810 |
| 936 | r | v | |a MS 6000 |b Allgemeine Theorie und Gesamtdarstellungen |k Soziologie |k Spezielle Soziologien |k Medizinsoziologie |k Allgemeine Theorie und Gesamtdarstellungen |0 (DE-627)1271304430 |0 (DE-625)rvk/123738: |0 (DE-576)201304430 |
| 936 | r | v | |a XB 3327 |b Vergleichende Fragen (Beziehungen zu den Nachbardisziplinen) |k Medizin |k Geschichte der Medizin |k Epochen und Kulturkreise |k 19. und 20. Jahrhundert |k 19. und 20. Jahrhundert |k Allgemeine Literatur zu einem Hauptgebiet |k Vergleichende Fragen (Beziehungen zu den Nachbardisziplinen) |0 (DE-627)1276761333 |0 (DE-625)rvk/152453:13156 |0 (DE-576)206761333 |
| 936 | r | v | |a CV 8000 |b Spezielle Probleme der Sozialpsychologie (Hochschule, Familie usw.) |k Psychologie |k Sozialpsychologie |k Spezielle Probleme der Sozialpsychologie (Hochschule, Familie usw.) |0 (DE-627)1270883720 |0 (DE-625)rvk/19169: |0 (DE-576)200883720 |
| 936 | r | u | |a NU 2000 |b Geschichte einzelner Wissenschaften |k Geschichte |k Geschichte der Wissenschaften und des Unterrichtswesens |k Geschichte der Wissenschaften |k Geschichte einzelner Wissenschaften |0 (DE-627)1271538822 |0 (DE-576)201538822 |z Ungueltig |
| 936 | b | k | |a 44.01 |j Geschichte der Medizin |0 (DE-627)106409638 |
| 936 | b | k | |a 44.06 |j Medizinsoziologie |0 (DE-627)106409581 |
| 936 | s | n | |a m200 |2 mzub |
| 936 | s | n | |a w200 |2 mzub |
| 936 | s | n | |a c200 |2 mzub |
| 936 | s | n | |a n100 |2 mzub |
| 951 | |a BO | ||
| ELC | |b 1 | ||
| LOK | |0 000 xxxxxcx a22 zn 4500 | ||
| LOK | |0 001 3307311808 | ||
| LOK | |0 003 DE-627 | ||
| LOK | |0 004 025641492 | ||
| LOK | |0 005 20020518000000 | ||
| LOK | |0 008 900405||||||||||||||||ger||||||| | ||
| LOK | |0 040 |a DE-21 |c DE-627 |d DE-21 | ||
| LOK | |0 852 |a DE-21 | ||
| LOK | |0 852 1 |c 30 A 1921 |9 00 | ||
| LOK | |0 939 |a 05-04-90 |b l01 | ||
| LOK | |0 000 xxxxxcx a22 zn 4500 | ||
| LOK | |0 001 3307311883 | ||
| LOK | |0 003 DE-627 | ||
| LOK | |0 004 025641492 | ||
| LOK | |0 005 20140702142430 | ||
| LOK | |0 008 921127||||||||||||||||ger||||||| | ||
| LOK | |0 040 |a DE-21-110 |c DE-627 |d DE-21-110 | ||
| LOK | |0 689 |a s |a Arzt-Patienten-Beziehung | ||
| LOK | |0 689 |a s |a Medizingeschichte | ||
| LOK | |0 689 |a s |a Gesundheitskonzepte | ||
| LOK | |0 689 |a s |a Medizinsoziologie | ||
| LOK | |0 852 |a DE-21-110 | ||
| LOK | |0 852 1 |c K IV 39 |m p |9 00 | ||
| LOK | |0 935 |a k110 | ||
| LOK | |0 936ln |a 8.6.8 | ||
| LOK | |0 938 |k p | ||
| LOK | |0 939 |a 27-11-92 |b l01 | ||
| LOK | |0 000 xxxxxcx a22 zn 4500 | ||
| LOK | |0 001 3307311891 | ||
| LOK | |0 003 DE-627 | ||
| LOK | |0 004 025641492 | ||
| LOK | |0 005 20100407001154 | ||
| LOK | |0 008 050716||||||||||||||||ger||||||| | ||
| LOK | |0 040 |a DE-21-43 |c DE-627 |d DE-21-43 | ||
| LOK | |0 541 |e 89/1206 | ||
| LOK | |0 852 |a DE-21-43 | ||
| LOK | |0 852 1 |c Bc 43 |m p |9 00 | ||
| LOK | |0 935 |a k043 | ||
| LOK | |0 938 |k p | ||
| LOK | |0 939 |a 16-07-05 |b l01 | ||
| LOK | |0 000 xxxxxcx a22 zn 4500 | ||
| LOK | |0 001 3307311905 | ||
| LOK | |0 003 DE-627 | ||
| LOK | |0 004 025641492 | ||
| LOK | |0 005 20100407095204 | ||
| LOK | |0 008 050719||||||||||||||||ger||||||| | ||
| LOK | |0 040 |a DE-21-93 |c DE-627 |d DE-21-93 | ||
| LOK | |0 541 |e 91/303 | ||
| LOK | |0 689 |a s |0 1311207198 |a Medizin | ||
| LOK | |0 689 |a s |0 1311208054 |a Soziologie | ||
| LOK | |0 689 |a s |0 1311208488 |a 19./20. Jh. | ||
| LOK | |0 689 |a s |0 1311207198 |a Medizin | ||
| LOK | |0 689 |a s |0 1311209506 |a Hygiene | ||
| LOK | |0 689 |a s |0 1311208682 |a Neuzeit | ||
| LOK | |0 689 |a s |0 1311211241 |a Gesundheit | ||
| LOK | |0 689 |a s |0 131121156X |a Konzepte | ||
| LOK | |0 689 |a s |0 1311208488 |a 19./20. Jh. | ||
| LOK | |0 852 |a DE-21-93 | ||
| LOK | |0 852 1 |c 11 A 63 |m p |9 00 | ||
| LOK | |0 935 |a k093 | ||
| LOK | |0 938 |k p | ||
| LOK | |0 939 |a 19-07-05 |b l01 | ||
| ORI | |a WA-MARC-krimdokb001.raw | ||
| SIG | |a IFK: K IV 39 | ||
| SIG | |a UB: 30 A 1921 | ||
| SPR | |a 1 |t KRI | ||
| TIM | |a 100018000101_100019141231 |b Geschichte 1800-1914 | ||
